书目信息 |
| 题名: |
玩转云南
|
|
| 作者: | 何林夏 编著 | |
| 分册: | ||
| 出版信息: | 桂林 广西师范大学出版社 2010.05 |
|
| 页数: | 225页 | |
| 开本: | 21cm | |
| 丛书名: | ||
| 单 册: | ||
| 中图分类: | K928.974 | |
| 科图分类: | ||
| 主题词: | 导游 , 导游--云南 | |
| 电子资源: | ||
| ISBN: | 978-7-5633-9739-6 | |
| 000 | 00962nam0 2200313 450 | |
| 001 | 0100140565 | |
| 005 | 20141020221330.0 | |
| 010 | @a978-7-5633-9739-6@dCNY36.80 | |
| 100 | @a20100626d2010 em y0chiy50 ea | |
| 101 | 0 | @achi |
| 101 | 11 | @achi |
| 102 | @aCN@b450000 | |
| 105 | @aab z 001yy | |
| 106 | @ar | |
| 200 | 1 | @a玩转云南@Awan zhuan yun nan@9wan zhuan yun nan@b专著@dYunnan how@e云南攻略!@e2010-2011最新全彩版@f何林夏编著@Fhe lin xia bian zhu@zeng |
| 210 | @a桂林@c广西师范大学出版社@d2010.05 | |
| 215 | @a225页@c地图,彩图@d21cm | |
| 300 | @a玩转中国系列 | |
| 330 | @a本书介绍了昆明、大理、丽江、泸沽湖、香格里拉、西双版纳、玉溪楚雄、普洱临沧、红河文山等旅游景点。 | |
| 510 | 1 | @aYunnan how |
| 517 | 1 | @a云南攻略! |
| 540 | @a玩转云南 | |
| 606 | 0 | @a导游 |
| 606 | 0 | @a导游@y云南 |
| 690 | @aK928.974@v5 | |
| 701 | 0 | @a何林夏@Ahe lin xia@4编著 |
| 801 | @aCN | |
| 901 | @a001 | |
| 905 | @b1103473-5@dK928.974@eH187@f3@a241430 | |
| 玩转云南=Yunnan how:云南攻略!:2010-2011最新全彩版/何林夏编著.-桂林:广西师范大学出版社,2010.05 |
| 225页:地图,彩图;21cm |
| 玩转中国系列 |
| ISBN 978-7-5633-9739-6:CNY36.80 |
| 本书介绍了昆明、大理、丽江、泸沽湖、香格里拉、西双版纳、玉溪楚雄、普洱临沧、红河文山等旅游景点。 |
| ● |
| 相关链接 |
|
|
|
正题名:玩转云南
索取号:K928.974/H187
 
预约/预借
| 序号 | 登录号 | 条形码 | 馆藏地/架位号 | 状态 | 备注 |
| 1 | 1103473 | 211034735 | 社科库309/309社科库 24排3列4层/ [索取号:K928.974/H187] | 在馆 | |
| 2 | 1103474 | 211034744 | 社科库309/309社科库 24排3列4层/ [索取号:K928.974/H187] | 在馆 | |
| 3 | 1103475 | 211034753 | 社科库309/309社科库 24排3列4层/ [索取号:K928.974/H187] | 在馆 |